Southville International School and Colleges
Your cart is empty.
  • Cart
  • Lists
    Public lists Eva Luna New books Lux_list list_1
    Your lists Log in to create your own lists
  • Log in to your account
  • Your cookies
  • Search history
Southville International School and Colleges
  • Advanced search
  • Recent comments
  • Most popular
  • Libraries

Log in to your account

Log in with GOOGLE


If you do not have an external account, but do have a local account, you can still log in:

  1. Home
  2. MARC view: Managing organizational change :
Normal view MARC view ISBD view

Managing organizational change : (Record no. 15000)

[ view plain ]
MARC details
000 -LEADER
fixed length control field 00504nam a22001697a 4500
003 - CONTROL NUMBER IDENTIFIER
control field PILC
005 - DATE AND TIME OF LATEST TRANSACTION
control field 20150112093448.0
008 - FIXED-LENGTH DATA ELEMENTS--GENERAL INFORMATION
fixed length control field 131018t xxu||||| |||| 00| 0 eng d
020 ## - INTERNATIONAL STANDARD BOOK NUMBER
International Standard Book Number 978007126373X
050 ## - LIBRARY OF CONGRESS CALL NUMBER
Classification number HD 58.8
Item number .P182 2009
100 ## - MAIN ENTRY--PERSONAL NAME
Personal name Palmer, Ian
9 (RLIN) 30029
245 ## - TITLE STATEMENT
Title Managing organizational change :
Remainder of title a multiple perspectives approach /
Statement of responsibility, etc Ian Palmer ... [et,al.]
250 ## - EDITION STATEMENT
Edition statement 2nd ed.
260 ## - PUBLICATION, DISTRIBUTION, ETC. (IMPRINT)
Place of publication, distribution, etc New York ;
Name of publisher, distributor, etc McGraw-Hill Inc.,
-- yz2009.
300 ## - PHYSICAL DESCRIPTION
Extent 413 pages :
Dimensions 27 cm.
942 ## - ADDED ENTRY ELEMENTS (KOHA)
Source of classification or shelving scheme Library of Congress Classification
Koha item type Books
Holdings
Withdrawn status Lost status Source of classification or shelving scheme Damaged status Home library Current library Shelving location Date acquired Total Checkouts Full call number Barcode Date last seen Copy number Price effective from Koha item type
    Library of Congress Classification   Southville International School Affiliated with Foreign Universities Library Southville International School Affiliated with Foreign Universities Library Southville Foreign University Section 10/18/2013   HD 58.8 .P182 2009 SFU1535 05/15/2018 1 10/18/2013 Books

Managing organizational change :

APA

Palmer I., .Managing organizational change. New York: McGraw-Hill Inc.

Chicago

Palmer Ian, .Managing organizational change. New York: McGraw-Hill Inc.

Harvard

Palmer I., .Managing organizational change. New York: McGraw-Hill Inc.

MLA

Palmer Ian, .New York: McGraw-Hill Inc. .

  • Place hold
  • Print
  • Cite
  • Add to your cart (remove)
  • Save record
    BIBTEX Dublin Core MARCXML MARC (non-Unicode/MARC-8) MARC (Unicode/UTF-8) MARC (Unicode/UTF-8, Standard) MODS (XML) RIS
  • More searches
    Search for this title in:
    Other Libraries (WorldCat) Other Databases (Google Scholar) Online Stores (Bookfinder.com) Open Library (openlibrary.org)

Exporting to Dublin Core...

SOUTHVILLE LIBRARY

Southville International School and Colleges Library

1281 Tropical Ave. Cor. Luxembourg St., BF Homes International, Las Pinas City

Tel. No. 8256374 / 252358 Loc. 117/146

Powered by Koha